MSPainted Cat Costumes II Quiz Stats

 Plays Quiz not verified by Sporcle

Support Sporcle.
Go Orange.
Score 0/23 Timer 06:00
0 Plays Today
% Correct
Batman
97.9%
Sherlock Holmes
94.8%
Harry Potter
94.6%
Michelangelo (TMNT)
93%
Pikachu
91.2%
Cookie Monster
85.7%
Charlie Brown
85.4%
Hulk Hogan
82.1%
Abraham Lincoln
79.5%
He-Man
77.8%
Iron Man
76.8%
Benjamin Franklin
71.4%
% Correct
Sauron
67.8%
Beavis
66.8%
Pippi Longstocking
63.8%
Kurt Cobain
61.4%
BB-8
60.9%
Link
58.6%
Daria
57.5%
Wayne & Garth
54.1%
Ralphie Parker (A Christmas Story)
38.1%
Daenerys Targaryen
35.8%
Joey Ramone
34.5%

You're not logged in!

Compare scores with friends on all Sporcle quizzes.
OR
Log In

From the Vault

Element per Letter

by Perplexity

Just so you know, we are lobbying to have Sporclium added to the Periodic Table.
Remove Ads.
Support Sporcle.
Get the best of Sporcle when you Go Orange. This ad-free experience offers more features, more stats, and more fun while also helping to support Sporcle. Thank you for becoming a member.

Show Comments

Extras

Top Quizzes Today


Score Distribution

Your Account Isn't Verified!

In order to create a playlist on Sporcle, you need to verify the email address you used during registration. Go to your Sporcle Settings to finish the process.

Report this User

Report this user for behavior that violates our Community Guidelines.

Details: